| 000 | 00688nam a22001937a 4500 | ||
|---|---|---|---|
| 008 | 161006b xxu||||| |||| 00| 0 eng d | ||
| 020 | _a1612053134 | ||
| 040 |
_aKABU _cKABU |
||
| 050 |
_aML3916 _b.M87 2013 C.1 |
||
| 245 |
_aMusic sociology _bexamining the role of music in social life _cedited by Sara Towe Horsfall, Jan-Martijn Meij and Meghan D. Probstfield |
||
| 260 |
_aLondon _bParadigm _c2013 |
||
| 300 | _axxiv, 308 p. | ||
| 650 |
_2Music _xSocial aspects |
||
| 650 |
_2Music _xPhiliosophy and aeshetics |
||
| 700 | _aHorsefall, Sara Towe | ||
| 700 | _aMeij, Jan-Martijn | ||
| 700 | _aProbstfield, Meghan D. | ||
| 942 |
_2lcc _cBK _hML3916 .M87 2013 C.1 |
||
| 999 |
_c16145 _d16145 |
||